VLYSSES dass ist allerhand Begebenheiten welche sich zugetragen in der Griechischen ruck-reiß oder heimbfarth Vlissis nach der Zerstörung der Statt Troja durch den welt-berühmten Mahler Sieur Nicola in 58 Figuren künstlichster Masen fürgebildt welche zu sehen in dem Königlichen Hauss zu Fontaine Bleau. Allen Liebhaberen der Kunst und Edlen Poesi zu Nutz und dienst in Kupfer gebracht /

Hlavní autor: Kilian, Bartholomäus, 1630-1696
Další autoři: Niccolò dell'Abbate, 1509/1512-1571
Jazyk: Němčina
Vydáno: [Augspurg] : In verlegung Joh: Ulrich Stauf kupferstecher und kunsthändler in Augspurg, 1678
Témata:
Fyzický popis: 62 nečíslovaných listů ; 4°
Knihy
Uloženo v:
LEADER 02841nam a2200589 i 4500
001 mzk03001240426
003 CZ BrMZK
005 20180102091344.0
007 ta
008 171023s1678 gw a fr|||||00| ||gerod
040 |a BOA001  |b cze  |e rda 
043 |a e-fr--- 
072 7 |a 76  |x Grafické umění. Grafika  |2 Konspekt  |9 21 
072 7 |a 094  |x Staré tisky  |2 Konspekt  |9 12 
080 |a 94(38)  |2 MRF 
080 |a 762.11  |2 MRF 
080 |a 7.026  |2 MRF 
080 |a 025.171  |2 MRF 
080 |a (443.63)  |2 MRF 
080 |a (0.068)094  |2 MRF 
100 1 |a Kilian, Bartholomäus,  |d 1630-1696  |7 ola2009522875  |4 aut 
245 1 0 |a VLYSSES dass ist allerhand Begebenheiten welche sich zugetragen in der Griechischen ruck-reiß oder heimbfarth Vlissis nach der Zerstörung der Statt Troja durch den welt-berühmten Mahler Sieur Nicola in 58 Figuren künstlichster Masen fürgebildt welche zu sehen in dem Königlichen Hauss zu Fontaine Bleau. Allen Liebhaberen der Kunst und Edlen Poesi zu Nutz und dienst in Kupfer gebracht /  |c durch Bartholomae Kilian 
246 3 3 |a ULYSSES dass ist allerhand Begebenheiten welche sich zugetragen in der Griechischen ruck-reiß oder heimbfarth Ulissis nach der Zerstörung der Statt Troja durch den welt-berühmten Mahler Sieur Nicola in 58 Figuren künstlichster Masen fürgebildt welche zu sehen in dem Königlichen Hauss zu Fontaine Bleau. 
264 1 |a [Augspurg] :  |b In verlegung Joh: Ulrich Stauf kupferstecher und kunsthändler in Augspurg,  |c 1678 
300 |a 62 nečíslovaných listů ;  |c 4° 
336 |a text  |b txt  |2 rdacontent 
337 |a bez média  |b n  |2 rdamedia 
338 |a svazek  |b nc  |2 rdacarrier 
500 |a Výzdoba: Mědirytinový titulní list, 61 mědirytin 
500 |a Rozsah: [62] l. 
561 |a Provenience: [m.p.] Monasterii Braunensis O. S. B. 
561 |a Provenience: [razítko] S.A.B. BRAUNAU 
561 |a Provenience: [razítko] Státní vědecká knihovna Hradec Králové 14976 
563 |a Pergamenová vazba, lepenkové desky, zelené textilní tkanice 
600 0 7 |a Odysseus  |c (mytologická postava)  |7 jo2016908746  |2 czenas 
650 7 |a trojská válka  |7 ph126752  |2 czenas 
650 7 |a mědirytiny  |7 ph123092  |2 czenas 
650 7 |a reprodukce uměleckých děl  |7 ph164222  |2 czenas 
650 7 |a historické knihovní fondy  |7 ph172933  |2 czenas 
651 7 |a Fontainebleau (Francie)  |7 ge369070  |2 czenas 
655 7 |a staré tisky  |7 fd422076  |2 czenas 
700 1 |a Niccolò dell'Abbate,  |d 1509/1512-1571  |4 art 
903 |a RP 
910 |a NAG950  |b B - XXI. B. aa. 1,1 
978 |b Stauf, Johann Ulrich  |a Augsburk  |c 1678 
982 0 |a Broumov - benediktinský klášter 
982 0 |a Hradec Králové - SVK 
984 |a Augsburg  |b Německo 
985 |a 1651-1700 
990 |a BK 
991 |k broumov 
980 |c 001471  |g B - XXI. B. aa. 1,1  |1 458950001471